<?xml version="1.0" encoding="UTF-8"?>
<record
    xmlns:xsi="http://www.w3.org/2001/XMLSchema-instance"
    xsi:schemaLocation="http://www.loc.gov/MARC21/slim http://www.loc.gov/standards/marcxml/schema/MARC21slim.xsd"
    xmlns="http://www.loc.gov/MARC21/slim">

  <leader>02320nam a22002297a 4500</leader>
  <controlfield tag="001">6645</controlfield>
  <controlfield tag="003">FISKH</controlfield>
  <controlfield tag="005">20250519101649.0</controlfield>
  <controlfield tag="008">250516b        cb ||||| |||| 00| 0 eng d</controlfield>
  <datafield tag="040" ind1=" " ind2=" ">
    <subfield code="a">FISKH</subfield>
    <subfield code="b">khr</subfield>
    <subfield code="c">FISKH</subfield>
    <subfield code="d">FISKH</subfield>
  </datafield>
  <datafield tag="082" ind1=" " ind2=" ">
    <subfield code="a">398.209596</subfield>
  </datafield>
  <datafield tag="100" ind1=" " ind2=" ">
    <subfield code="a">Anonymous </subfield>
  </datafield>
  <datafield tag="245" ind1=" " ind2=" ">
    <subfield code="a">&#x1798;&#x17B6;&#x1799;&#x17B6;&#x179F;&#x17D2;&#x179A;&#x17B8; :</subfield>
    <subfield code="b">&#x1794;&#x17BB;&#x179A;&#x179F;&#x1780;&#x17C6;&#x1787;&#x17B7;&#x179B;&#x1798;&#x17B6;&#x1793;&#x1794;&#x17D2;&#x179A;&#x1796;&#x1793;&#x17D2;&#x1792;&#x1782;&#x17D2;&#x179A;&#x1794;&#x17CB;&#x179B;&#x1780;&#x17D2;&#x1781;&#x178E;&#x17CF; ,&#x179F;&#x17D2;&#x179A;&#x17B8;&#x1798;&#x17B6;&#x1799;&#x17B6;&#x178A;&#x1780;&#x1781;&#x17D2;&#x1789;&#x17B8; ,&#x179F;&#x17D2;&#x179A;&#x17B8;&#x1780;&#x17D2;&#x1784;&#x17C4;&#x1780;&#x1798;&#x17B6;&#x179F;</subfield>
    <subfield code="c">By Anonymous </subfield>
  </datafield>
  <datafield tag="260" ind1=" " ind2=" ">
    <subfield code="a">&#x1797;&#x17D2;&#x1793;&#x17C6;&#x1796;&#x17C1;&#x1789; :</subfield>
    <subfield code="b">&#x17A2;&#x17BB;&#x17BA;&#x1784; &#x179B;&#x17B6;&#x1784;&#x1782;&#x17B8;&#x1798; ,</subfield>
    <subfield code="c">&#x17E2;&#x17E0;&#x17E1;&#x17E0;.</subfield>
  </datafield>
  <datafield tag="300" ind1=" " ind2=" ">
    <subfield code="a">28 pages : </subfield>
    <subfield code="b">illustrations ; </subfield>
    <subfield code="c">20 cm . </subfield>
  </datafield>
  <datafield tag="520" ind1=" " ind2=" ">
    <subfield code="a">&#x1782;&#x17BA;&#x1787;&#x17B6;&#x179F;&#x17C0;&#x179C;&#x1797;&#x17C5;&#x1794;&#x178E;&#x17D2;&#x178F;&#x17BB;&#x17C6;&#x179A;&#x17BF;&#x1784;&#x1796;&#x17D2;&#x179A;&#x17C1;&#x1784;&#x1794;&#x17BB;&#x179A;&#x17B6;&#x178E;&#x1787;&#x17B6;&#x1785;&#x17D2;&#x179A;&#x17BE;&#x1793;&#x178A;&#x17C2;&#x179B;&#x179A;&#x17BD;&#x1798;&#x1794;&#x1789;&#x17D2;&#x1785;&#x17BC;&#x179B;&#x179A;&#x17BF;&#x1784;&#x1793;&#x17B7;&#x1791;&#x17B6;&#x1793;&#x1796;&#x17C1;&#x1789;&#x1793;&#x17B7;&#x1799;&#x1798;&#x1798;&#x1780;&#x1796;&#x17B8;&#x1794;&#x1784;&#x1794;&#x17D2;&#x17A2;&#x17BC;&#x1793;&#x1787;&#x1793;&#x179A;&#x17BD;&#x1798;&#x1787;&#x17B6;&#x178F;&#x17B7;&#x1781;&#x17D2;&#x1798;&#x17C2;&#x179A;&#x17D4; &#x179F;&#x17C0;&#x179C;&#x1797;&#x17C5;&#x1793;&#x17C1;&#x17C7;&#x178F;&#x17D2;&#x179A;&#x17BC;&#x179C;&#x1794;&#x17B6;&#x1793;&#x179A;&#x17C0;&#x1794;&#x179A;&#x17C0;&#x1784;&#x17A1;&#x17BE;&#x1784;&#x178A;&#x17C4;&#x1799; &#x1780;&#x17D2;&#x179A;&#x17BB;&#x1798;&#x1787;&#x17C6;&#x1793;&#x17BB;&#x17C6;&#x1791;&#x17C6;&#x1793;&#x17C0;&#x1798;&#x1791;&#x17C6;&#x179B;&#x17B6;&#x1794;&#x17CB;&#x1781;&#x17D2;&#x1798;&#x17C2;&#x179A; &#x178A;&#x17BE;&#x1798;&#x17D2;&#x1794;&#x17B8;&#x1790;&#x17C2;&#x179A;&#x1780;&#x17D2;&#x179F;&#x17B6; &#x1793;&#x17B7;&#x1784;&#x1795;&#x17D2;&#x179F;&#x1796;&#x17D2;&#x179C;&#x1795;&#x17D2;&#x179F;&#x17B6;&#x1799;&#x17A2;&#x179A;&#x17B7;&#x1799;&#x1792;&#x1798;&#x17CC;&#x1793;&#x17B7;&#x1784;&#x178F;&#x1798;&#x17D2;&#x179B;&#x17C3;&#x179F;&#x1784;&#x17D2;&#x1782;&#x1798;&#x1781;&#x17D2;&#x1798;&#x17C2;&#x179A;&#x178F;&#x17B6;&#x1798;&#x179A;&#x1799;&#x17C8;&#x179A;&#x17BF;&#x1784;&#x1796;&#x17D2;&#x179A;&#x17C1;&#x1784;&#x1794;&#x17D2;&#x179A;&#x1796;&#x17C3;&#x178E;&#x17B8;&#x17D4;&#x179F;&#x17C0;&#x179C;&#x1797;&#x17C5;&#x1793;&#x17C1;&#x17C7;&#x179F;&#x1798;&#x179F;&#x17D2;&#x179A;&#x1794;&#x179F;&#x1798;&#x17D2;&#x179A;&#x17B6;&#x1794;&#x17CB;&#x179F;&#x17B7;&#x179F;&#x17D2;&#x179F; &#x1793;&#x17B7;&#x179F;&#x17D2;&#x179F;&#x17B7;&#x178F; &#x1793;&#x17B7;&#x1784;&#x17A2;&#x17D2;&#x1793;&#x1780;&#x179F;&#x17D2;&#x179A;&#x17B6;&#x179C;&#x1787;&#x17D2;&#x179A;&#x17B6;&#x179C;&#x17A2;&#x17C6;&#x1796;&#x17B8;&#x179C;&#x1794;&#x17D2;&#x1794;&#x1792;&#x1798;&#x17CC;&#x1781;&#x17D2;&#x1798;&#x17C2;&#x179A; &#x1794;&#x17C6;&#x178E;&#x1784;&#x1785;&#x1784;&#x17CB;&#x179F;&#x17D2;&#x1782;&#x17B6;&#x179B;&#x17CB;&#x1796;&#x17B8;&#x1794;&#x17C2;&#x1794;&#x1794;&#x1791;&#x1793;&#x17C3;&#x179A;&#x17BF;&#x1784;&#x1796;&#x17D2;&#x179A;&#x17C1;&#x1784;&#x1794;&#x17D2;&#x179A;&#x1787;&#x17B6;&#x1787;&#x1793; &#x1793;&#x17B7;&#x1784;&#x179F;&#x17D2;&#x1793;&#x17B6;&#x178A;&#x17C3;&#x1794;&#x17BB;&#x179A;&#x17B6;&#x178E;&#x1781;&#x17D2;&#x1798;&#x17C2;&#x179A;&#x17D4;</subfield>
  </datafield>
  <datafield tag="520" ind1=" " ind2=" ">
    <subfield code="a">Is a compilation of many traditional stories that includes popular folk narratives passed down by the Khmer people. This book was compiled by the Khmer Customs and Traditions Group with the aim of preserving and promoting Khmer culture and societal values through traditional folktales. It is well-suited for students, researchers, and anyone interested in Khmer culture who wish to learn about the forms of traditional folklore and the literary heritage of the Cambodian people.</subfield>
  </datafield>
  <datafield tag="650" ind1=" " ind2=" ">
    <subfield code="a">&#x179A;&#x17BF;&#x1784;&#x1796;&#x17D2;&#x179A;&#x17C1;&#x1784;&#x1781;&#x17D2;&#x1798;&#x17C2;&#x179A;</subfield>
  </datafield>
  <datafield tag="650" ind1=" " ind2=" ">
    <subfield code="a">Khmer Folklore </subfield>
  </datafield>
  <datafield tag="942" ind1=" " ind2=" ">
    <subfield code="2">ddc</subfield>
    <subfield code="c">KHB</subfield>
    <subfield code="n">0</subfield>
  </datafield>
  <datafield tag="999" ind1=" " ind2=" ">
    <subfield code="c">6645</subfield>
    <subfield code="d">6645</subfield>
  </datafield>
  <datafield tag="952" ind1=" " ind2=" ">
    <subfield code="0">0</subfield>
    <subfield code="1">0</subfield>
    <subfield code="2">ddc</subfield>
    <subfield code="4">0</subfield>
    <subfield code="7">0</subfield>
    <subfield code="8">KH</subfield>
    <subfield code="a">002</subfield>
    <subfield code="b">002</subfield>
    <subfield code="c">SKB</subfield>
    <subfield code="d">2025-05-16</subfield>
    <subfield code="l">0</subfield>
    <subfield code="o">ANO 398.209596 </subfield>
    <subfield code="p">FIS05457</subfield>
    <subfield code="r">2025-05-16 16:59:53</subfield>
    <subfield code="w">2025-05-16</subfield>
    <subfield code="y">KHB</subfield>
  </datafield>
</record>
